banner koha

Technical assistance in agricultural research / (Registro n. 14313)

MARC details
000 -LÍDER
Campo de controle fixo 00746nam a22002657a 4500
001 - NÚMERO DE CONTROLE
Número de controle BR7000412
003 - CÓDIGO MARC DA AGÊNCIA CATALOGADORA
Campo de controle BR-BrBNA
005 - DATA E HORA DA ÚLTIMA ATUALIZAÇÃO
Campo de controle 20240711125449.0
008 - CAMPO DE TAMANHO FIXO
Campo fixo de controle 230509b bl.||||| |||| 00| 0 por d
040 ## - FONTE DA CATALOGAÇÃO
Agência catalogadora BR-BrBNA
Idioma da catalogação por
041 ## - CÓDIGO DO IDIOMA
Código do Idioma (Eng)
072 ## - CATEGORIA AGRIS
Código da categoria de assunto/objeto <a href="C00">C00</a>
Código do objeto /G430
090 ## - NÚMERO DE CHAMADA
Localização na estante C00
Código BR BR7000412
100 1# - ENTRADA PRINCIPAL - NOME PESSOAL
Nome pessoal Frevert, Richard K.
110 1# - ENTRADA PRINCIPAL - ENTIDADE
Nome da entidade ou lugar Conselho Nacional de Pesquisas, Rio de Janeiro, GB (Brasil)
9 (RLIN) 2694
245 1# - TÍTULO PRINCIPAL
Título principal Technical assistance in agricultural research /
260 3# - IMPRENTA (PUBLICAÇÃO, DISTRIBUIÇÃO, ETC.)
Lugar de publicação, distribuição, etc. Rio de Janeiro, GB (Brasil):
Data de publicação, distribuição, etc 1970.
300 ## - DESCRIÇÃO FÍSICA
Extensão 3 p.
650 ## - ASSUNTO - THESAGRO
Cabeçalho tópico ou nome geográfico Extensao rural
650 ## - ASSUNTO - THESAGRO
Cabeçalho tópico ou nome geográfico Assistencia tecnica
650 ## - ASSUNTO - THESAGRO
Cabeçalho tópico ou nome geográfico Estados Unidos
909 ## - IDENTIFICAÇÃO DO CATALOGADOR
Ano e mês da catalogação (aaaamm) 07/2024
Identificação do catalogador SARAH
942 ## - TIPO ESPECÍFICO
Tipo de material Livros
952 ## - LOCATION AND ITEM INFORMATION (KOHA)
-- 2023-09-25
-- 2023-09-25
-- Portaria Interministerial nº 164/94
Exemplares
Status de empréstimo Fonte de classificação Status de danificação Não pode ser emprestado Código da coleção Localização permanente Localização atual Localização na estante Total Checkouts Número de chamada Código de barras Número de exemplar Tipo de material Perdido
  Classificação AGRIS     Agrobase Biblioteca Nacional de Agricultura - Binagri Biblioteca Nacional de Agricultura - Binagri Agrobase - Acervo Geral   C00 BR7000412 2024-3166 01 Livros  

BINAGRI

Telefone: (61)3218-2567/2388/3357/2097 - binagri@agro.gov.br

Ministério da Agricultura e Pecuária , Esplanada dos Ministérios, Bloco D, Anexo B, Brasília/DF, CEP: 70.043-900